Представление документа в формате RUSMARC

ПолеНазваниеЗначение
  Тип записи a
  Библиографический уровень a
001 Контрольный номер RU/IS/BASE/478277419
005 Дата корректировки 20221130140833.5
100 Данные общей обработки __
a Данные общей обработки 20150226d2015 ||| 0rusy0189 ca
101 Язык документа 0_
a Язык текста rus
102 Страна публикации __
a Страна публикации RU
105 Кодированные данные (монография) __
a Кодированные данные (монография) y###||||000|y
200 Заглавие и сведения об ответственности 1_
a Заглавие По мотивам Рождества
b Общее обозначение материала Текст
e Сведения, относящиеся к заглавию [мастер-класс панно в технике микс-медиа]
300 Общие примечания __
a Общие примечания Ограничения по возрасту - +12
461 Уровень набора _0
1 2000
a Делаем сами
463 Уровень физической единицы _0
1 001RU/IS/BASE/478273550
1 2000
a № 1
v С. 12-13
1 210
d 2015
606 Тематические рубрики 0_
a Основная рубрика Декупаж
608 Указатель предметных рубрик __
a Жанр/форма Жанр
610 Ключевые слова 0_
a Ключевые слова декупаж
a Ключевые слова декор структурной пастой
a Ключевые слова поделки
686 Индексы других классификаций __
a Классификационный индекс 85.125
2 Код системы ББК
700 Автор _0
a Фамилия Жукова
b Имя (инициалы) Н.
801 Источник записи _0
a Страна RU
b Организация МБУК ЦБС
c Дата составления 20150226
g Правила каталогизации RCR
801 Источник записи _1
a Страна RU
b Организация МБУК ЦБС г. Ульяновска
c Дата составления 20150226
g Правила каталогизации RCR
901 Тип документа __
t Тип документа b
w Контрольный № источника RU/IS/BASE/478273550
938 Служебная информация __
a Имя БД period